Un nouveau regard sur le placement familial : relations affectives et mode de suppléance (notice n° 1673559)
[ vue normale ]
| 000 -LEADER | |
|---|---|
| fixed length control field | 01099cam a2200193 4500500 |
| 005 - DATE AND TIME OF LATEST TRANSACTION | |
| control field | 20260301001317.0 |
| 041 ## - LANGUAGE CODE | |
| Language code of text/sound track or separate title | fre |
| 042 ## - AUTHENTICATION CODE | |
| Authentication code | dc |
| 100 10 - MAIN ENTRY--PERSONAL NAME | |
| Personal name | Chapon-Crouzet, Nathalie |
| Relator term | author |
| 245 00 - TITLE STATEMENT | |
| Title | Un nouveau regard sur le placement familial : relations affectives et mode de suppléance |
| 260 ## - PUBLICATION, DISTRIBUTION, ETC. | |
| Date of publication, distribution, etc. | 2005.<br/> |
| 500 ## - GENERAL NOTE | |
| General note | 21 |
| 520 ## - SUMMARY, ETC. | |
| Summary, etc. | La recherche présentée propose de prendre de la distance par rapport aux modèles classiques familiaux en s’ouvrant sur les relations affectives qui se tissent en accueil familial, positionnant les familles d’accueil au cœur de la pluriparentalité. À partir d’une enquête auprès d’assistantes maternelles de l’aide sociale à l’enfance, nous analysons les relations affectives au quotidien des familles d’accueil à partir d’une approche novatrice des modes de suppléance. |
| 690 ## - LOCAL SUBJECT ADDED ENTRY--TOPICAL TERM (OCLC, RLIN) | |
| Topical term or geographic name as entry element | attachement |
| 690 ## - LOCAL SUBJECT ADDED ENTRY--TOPICAL TERM (OCLC, RLIN) | |
| Topical term or geographic name as entry element | Parentalité |
| 690 ## - LOCAL SUBJECT ADDED ENTRY--TOPICAL TERM (OCLC, RLIN) | |
| Topical term or geographic name as entry element | suppléance |
| 786 0# - DATA SOURCE ENTRY | |
| Note | Dialogue | 167 | 1 | 2005-03-01 | p. 17-27 | 0242-8962 |
| 856 41 - ELECTRONIC LOCATION AND ACCESS | |
| Uniform Resource Identifier | <a href="https://shs.cairn.info/revue-dialogue-2005-1-page-17?lang=fr&redirect-ssocas=7080">https://shs.cairn.info/revue-dialogue-2005-1-page-17?lang=fr&redirect-ssocas=7080</a> |
Pas d'exemplaire disponible.




Réseaux sociaux